000 00835nam a2200253 a 4500
001 adlib96000001
003 ViArRB
005 200902210153555.7
008 960221s1955 dcuabcdjdbkoqu001 0deng d
020 _a
022 _a
040 _aAdlib
082 _a89H-3.09
245 _aPrathibadhatha ke pariprekshya mein Hindi katha sahitya ka vishleshnatmak adhyayan
250 _a
260 _aCochin
_bDepartment of Hindi, CUSAT
_c2002
300 _a245P.
_c
500 _a Thesis (Ph.D), CUSAT, 2002
100 _aThomas, Solji K.
_e
700 _aShanmughan, M.
_a
942 _cREF
653 _aCriticism- hindi literature- fiction
_aFiction- Hindi literature- Criticism
_aHindi fiction- Critical study
952 _w2010-06-16
_pG0008519
_r2010-06-16
_40
_00
_bUL
_10
_o89H-3.09 THO
_d2010-06-16
_70
_yREF
_aUL
999 _c49869
_d49868